| 000 | 00592nam a2200193Ia 4500 | ||
|---|---|---|---|
| 003 | GCL | ||
| 008 | 140319s9999 xx 000 0 ara d | ||
| 040 |
_aGCL / _cGCL |
||
| 082 | 0 | 4 |
_a823 _bك ش |
| 100 | 1 | _aخليل بيبرس | |
| 245 | 1 | 0 |
_aشقاء الملوك:رواية ادبية غرامية اجتماعية / _cخليل بيبرس |
| 700 | 1 | _aكوربى , مارى | |
| 260 |
_a[S.N] : _bمكتبة مدبولى |
||
| 300 | _a236 ص | ||
| 490 | _a | ||
| 650 | 0 | 4 | _aالقصص الانجليزية المترجمة |
| 650 | 0 | 4 | _aالادب الانجليزى |
| 942 |
_2ddc _cBK |
||
| 999 |
_c35403 _d35403 |
||